00367nam a22001217a 4500003000400000008004100004020001800045082001500063100001300078245010000091260004000191300001400231OSt240830b |||||||| |||| 00| 0 eng d a9781620553862 a294.5bAVS aVANAMALI aThe Science of the Rishis: The Spiritual and Material Discoveries of the Ancient Sages of India aVermount:bInner Traditions,c2015. axix,235p.